[Event "GBR-ch85"]
[Site "Torquay"]
[Date "1998.08.03"]
[Round "7.23"]
[White "Moskovic, David M"]
[Black "Forbes, Cathy"]
[Result "1-0"]
[WhiteElo "2235"]
[BlackElo "2110"]
[PlyCount "61"]
[EventDate "1998.07.27"]
[EventType "swiss"]
[EventRounds "11"]
[EventCountry "GBR"]
[SourceTitle "BritBase Aug 2004"]

1. e4 c5 2. Nf3 e6 3. d4 cxd4 4. Nxd4 a6 5. Bd3 Nf6 6. O-O Qc7 7. Qe2 d6 8. c4
Nbd7 9. f4 h5 10. Kh1 b6 11. Nc3 Bb7 12. Bd2 Rc8 13. Rae1 e5 14. Nf3 exf4 15.
Nd5 Qb8 16. Bxf4 Ng4 17. Ng5 f6 18. e5 Bxd5 19. exf6+ Nde5 20. cxd5 gxf6 21.
Bxe5 dxe5 22. Bg6+ Ke7 23. d6+ Qxd6 24. Nf7 Qd4 25. Nxh8 Bh6 26. Bxh5 Ne3 27.
Ng6+ Ke6 28. Rc1 Nc4 29. Bg4+ Kf7 30. Bxc8 Bxc1 31. Qxc4+ 1-0

[Event "GBR-ch85"]
[Site "Torquay"]
[Date "1998.08.03"]
[Round "7.24"]
[White "Buckley, Melanie"]
[Black "Richards, Heather"]
[Result "1-0"]
[WhiteElo "2005"]
[BlackElo "2130"]
[PlyCount "65"]
[EventDate "1998.07.27"]
[EventType "swiss"]
[EventRounds "11"]
[EventCountry "GBR"]
[SourceTitle "BritBase"]
[Source "britbase.info"]
[SourceDate "2021.07.30"]
[SourceVersion "1"]
[SourceVersionDate "2021.07.30"]
[SourceQuality "1"]

1. d4 e6 2. Nf3 Nf6 3. Bg5 h6 4. Bf4 c5 5. e3 Nc6 6. c3 cxd4 7. exd4 Be7 8. h3
O-O 9. Bd3 Nd5 10. Bh2 d6 11. O-O f5 12. a3 Bf6 13. Nbd2 Re8 14. Qc2 Qd7 15.
Rfe1 Nb6 16. Nc4 Nxc4 17. Bxc4 Qc7 18. Bb3 Na5 19. Ba2 Kh8 20. Re2 e5 21. dxe5
dxe5 22. Rae1 Nc6 23. Bd5 Bd7 24. Bxc6 Qxc6 25. Bxe5 a6 26. Nd4 Qb6 27. Bxf6
Qxf6 28. Rxe8+ Rxe8 29. Rxe8+ Bxe8 30. Qxf5 Qxf5 31. Nxf5 Kg8 32. Kf1 Bc6 33.
Ne7+ 1-0

[Event "GBR-ch85"]
[Site "Torquay"]
[Date "1998.08.03"]
[Round "7.29"]
[White "Mutton, Jonathan"]
[Black "Stephenson, F Norman"]
[Result "0-1"]
[WhiteElo "2135"]
[BlackElo "2215"]
[PlyCount "52"]
[EventDate "1998.07.27"]
[EventType "swiss"]
[EventRounds "11"]
[EventCountry "GBR"]

1. e4 c5 2. Nc3 e6 3. f4 d5 4. exd5 exd5 5. Bb5+ Nc6 6. Nf3 Nf6 7. O-O Be7 8.
Ne5 Bd7 9. Qf3 O-O 10. Nxd7 Qxd7 11. Re1 Rfe8 12. d3 c4 13. Bd2 Qf5 14. Bxc6
bxc6 15. Kh1 Rab8 16. Re5 Qd7 17. b3 d4 18. Ne4 c3 19. Be1 Ng4 20. Rh5 g6 21.
Rh3 f5 22. Nf2 Bd6 23. Qg3 Qe6 24. Nxg4 fxg4 25. Rh6 Bxf4 26. Qxf4 Rf8 0-1

[Event "GBR-ch85"]
[Site "Torquay"]
[Date "1998.08.03"]
[Round "7.32"]
[White "Ledger, David"]
[Black "Leech, Aiden"]
[Result "1-0"]
[WhiteElo "2220"]
[BlackElo "2145"]
[PlyCount "65"]
[EventDate "1998.07.27"]
[EventType "swiss"]
[EventRounds "11"]
[EventCountry "GBR"]
[SourceTitle "BritBase"]
[Source "britbase.info"]
[SourceDate "2021.07.30"]
[SourceVersion "1"]
[SourceVersionDate "2021.07.30"]
[SourceQuality "1"]

1. e4 c5 2. Nc3 Nc6 3. g3 g6 4. d3 d6 5. Be3 Bg7 6. Qd2 e6 7. Bg2 Rb8 8. Nge2
Nd4 9. O-O Qa5 10. Nc1 Ne7 11. f4 f5 12. Nb3 Qc7 13. Rae1 O-O 14. Nd1 b5 15.
Kh1 Nxb3 16. axb3 Nc6 17. Bg1 b4 18. Qc1 Rd8 19. Ne3 Rb6 20. g4 Nd4 21. gxf5
gxf5 22. Nc4 Rb8 23. Qd1 Qf7 24. e5 d5 25. Nd6 Rxd6 26. exd6 Qd7 27. Qh5 Qxd6
28. Bxd4 Bxd4 29. Rf3 Ba6 30. Rg3+ Kh8 31. Rh3 Qd7 32. Rxe6 Bb5 33. Qxf5 1-0

[Event "GBR-ch85"]
[Site "Torquay"]
[Date "1998.08.04"]
[Round "8.1"]
[White "Conquest, Stuart"]
[Black "Sadler, Matthew D"]
[Result "0-1"]
[WhiteElo "2490"]
[BlackElo "2660"]
[PlyCount "72"]
[EventDate "1998.07.27"]
[EventType "swiss"]
[EventRounds "11"]
[EventCountry "GBR"]
[SourceTitle "BritBase"]
[Source "britbase.info"]
[SourceDate "2021.07.30"]
[SourceVersion "1"]
[SourceVersionDate "2021.07.30"]
[SourceQuality "1"]

1. e4 c5 2. Nf3 d6 3. d4 cxd4 4. Nxd4 Nf6 5. Nc3 a6 6. Rg1 h6 7. g4 g5 8. h4
gxh4 9. Be3 Nc6 10. Nd5 Nxd5 11. exd5 Qa5+ 12. c3 Nxd4 13. Qxd4 Rg8 14. Bc4 Qa4
15. Kd2 Bd7 16. f3 Bg7 17. Qd3 Bb5 18. Bxb5+ axb5 19. g5 h5 20. g6 Rf8 21. Ke2
b4 22. a3 bxc3 23. bxc3 Rc8 24. Rac1 Qc4 25. f4 fxg6 26. Rxg6 Bf6 27. Qxc4 Rxc4
28. Bd2 Kf7 29. Rgg1 Rfc8 30. Rh1 R8c5 31. Rb1 b5 32. Rb4 Rxd5 33. Be1 Rdc5 34.
Rh3 Kg6 35. Bxh4 Bxh4 36. Rxh4 Rxc3 0-1

[Event "GBR-ch85"]
[Site "Torquay"]
[Date "1998.08.04"]
[Round "8.3"]
[White "Short, Nigel David"]
[Black "Hebden, Mark"]
[Result "1-0"]
[WhiteElo "2670"]
[BlackElo "2590"]
[PlyCount "95"]
[EventDate "1998.07.27"]
[EventType "swiss"]
[EventRounds "11"]
[EventCountry "GBR"]
[SourceTitle "BritBase"]
[Source "britbase.info"]
[SourceDate "2021.07.30"]
[SourceVersion "1"]
[SourceVersionDate "2021.07.30"]
[SourceQuality "1"]

1. e4 e5 2. Nf3 Nc6 3. Bb5 a6 4. Ba4 Nf6 5. O-O Be7 6. Re1 b5 7. Bb3 O-O 8. c3
d6 9. d4 Na5 10. Bc2 c5 11. h3 Re8 12. Nbd2 Bf8 13. dxe5 dxe5 14. Qe2 Nh5 15.
Nf1 Ra7 16. g3 g6 17. h4 f6 18. Ne3 Be6 19. a4 c4 20. axb5 axb5 21. Rd1 Qb8 22.
Nd5 Nc6 23. Be3 Rxa1 24. Rxa1 Ne7 25. Nb4 Bg4 26. b3 Nf5 27. exf5 e4 28. Qd2
Bxf3 29. Qd5+ Kh8 30. Nc6 Qd6 31. Qxd6 Bxd6 32. fxg6 hxg6 33. Nd4 cxb3 34. Bxb3
Rb8 35. Bf7 Kh7 36. Bd5 Ng7 37. Ra7 Kh8 38. Nxf3 exf3 39. Bd4 Be5 40. Bxe5 fxe5
41. Bxf3 Rc8 42. Be4 Rxc3 43. Re7 Nh5 44. Kg2 Nf6 45. Bxg6 Rc5 46. h5 e4 47.
Rf7 Ng4 48. h6 1-0

[Event "GBR-ch85"]
[Site "Torquay"]
[Date "1998.08.04"]
[Round "8.8"]
[White "Summerscale, Aaron"]
[Black "Wall, Gavin"]
[Result "1-0"]
[WhiteElo "2455"]
[BlackElo "2355"]
[PlyCount "49"]
[EventDate "1998.07.27"]
[EventType "swiss"]
[EventRounds "11"]
[EventCountry "GBR"]
[SourceTitle "BritBase"]
[Source "britbase.info"]
[SourceDate "2021.07.30"]
[SourceVersion "1"]
[SourceVersionDate "2021.07.30"]
[SourceQuality "1"]

1. d4 f5 2. Nc3 d5 3. Bg5 g6 4. Qd2 Nc6 5. f3 Bg7 6. e4 fxe4 7. fxe4 Nxd4 8.
exd5 Bf5 9. Bd3 Qd7 10. O-O-O O-O-O 11. Bxf5 Nxf5 12. Nf3 Nf6 13. Rhe1 Nd6 14.
Qe3 Nb5 15. Nxb5 Qxb5 16. Qxa7 Nxd5 17. Qa8+ Kd7 18. Rxd5+ Qxd5 19. Rxe7+ Kc6
20. Qa4+ Kb6 21. Be3+ c5 22. c4 Qc6 23. Qb4+ Ka6 24. Qa3+ Kb6 25. Rxg7 1-0

[Event "GBR-ch85"]
[Site "Torquay"]
[Date "1998.08.04"]
[Round "8.9"]
[White "Basman, Michael John"]
[Black "Ledger, Andrew"]
[Result "1/2-1/2"]
[WhiteElo "2360"]
[BlackElo "2450"]
[PlyCount "150"]
[EventDate "1998.07.27"]
[EventType "swiss"]
[EventRounds "11"]
[EventCountry "GBR"]
[SourceTitle "BritBase"]
[Source "britbase.info"]
[SourceDate "2021.07.30"]
[SourceVersion "1"]
[SourceVersionDate "2021.07.30"]
[SourceQuality "1"]

1. b4 d5 2. Nf3 Bg4 3. Bb2 Nd7 4. a3 Ngf6 5. h3 Bh5 6. g4 Bg6 7. d3 e6 8. Nbd2
h6 9. Rg1 Bd6 10. c4 c6 11. h4 e5 12. g5 hxg5 13. hxg5 Ng8 14. cxd5 cxd5 15.
Qb3 Ne7 16. e4 d4 17. Nc4 Bc7 18. a4 Bh5 19. Nh4 Bd1 20. Rxd1 Rxh4 21. Ba3 Ng6
22. Be2 Kf8 23. Kd2 Kg8 24. Kc2 Ndf8 25. Kb1 Ne6 26. Bg4 Nxg5 27. Bc1 Nf4 28.
Bxf4 exf4 29. f3 a6 30. Rd2 b5 31. axb5 axb5 32. Na3 Bd6 33. Nxb5 Bf8 34. Rc1
Rb8 35. Qc4 Rh6 36. Qc7 Rhb6 37. Qxd8 Rxd8 38. Nc7 Rxb4+ 39. Rb2 Rxb2+ 40. Kxb2
Rb8+ 41. Ka2 Bd6 42. Nd5 g6 43. Rc6 Be5 44. Nb6 Rb7 45. Nc4 Bg7 46. Rc5 Nh7 47.
Rc8+ Nf8 48. Rd8 Rb5 49. Ra8 Rc5 50. Kb3 Bf6 51. Ra7 Ne6 52. Kb4 Rg5 53. Nd6
Nd8 54. Kc4 Kf8 55. Ra8 Re5 56. Nb7 Ke8 57. Nxd8 Bxd8 58. Kxd4 f6 59. Kc4 Ra5
60. Rb8 Ra7 61. d4 Ke7 62. d5 Bc7 63. Rg8 Ra1 64. Rg7+ Ke8 65. Rxg6 Rc1+ 66.
Kd3 Be5 67. Rg8+ Ke7 68. Ra8 Rd1+ 69. Ke2 Rd4 70. Ra6 Kf7 71. Ra7+ Ke8 72. Bf5
Kf8 73. Bd7 Ke7 74. Be6+ Ke8 75. Ra2 Rb4 1/2-1/2

[Event "GBR-ch85"]
[Site "Torquay"]
[Date "1998.08.04"]
[Round "8.11"]
[White "Kennaugh, Charles"]
[Black "Levitt, Jonathan P"]
[Result "0-1"]
[WhiteElo "2290"]
[BlackElo "2430"]
[PlyCount "76"]
[EventDate "1998.07.27"]
[EventType "swiss"]
[EventRounds "11"]
[EventCountry "GBR"]
[SourceTitle "BritBase"]
[Source "britbase.info"]
[SourceDate "2021.07.30"]
[SourceVersion "1"]
[SourceVersionDate "2021.07.30"]
[SourceQuality "1"]

1. e4 e6 2. d4 d5 3. Nc3 Bb4 4. e5 c5 5. Bd2 Ne7 6. dxc5 O-O 7. Bd3 Nd7 8. Nf3
Ng6 9. Qe2 Nxc5 10. Bxg6 fxg6 11. O-O-O Bd7 12. Nxd5 Bxd2+ 13. Qxd2 Bc6 14. Qe3
Bxd5 15. Qxc5 Rc8 16. Qe3 Qa5 17. a3 Qa4 18. c3 a5 19. Rd4 Qc6 20. Rhd1 b5 21.
Ne1 Rb8 22. Kb1 b4 23. cxb4 axb4 24. Nc2 bxa3 25. Nb4 Qb7 26. bxa3 Bxg2 27. f4
h6 28. Ka2 Bd5+ 29. Ka1 Rfc8 30. Qd3 Rc5 31. Rb1 Rb5 32. Qxg6 Qa7 33. Qd3 Ra5
34. Kb2 Rxa3 35. Qxa3 Qxd4+ 36. Kc1 Rc8+ 37. Nc2 Qxf4+ 38. Kd1 Qxh2 0-1

[Event "GBR-ch85"]
[Site "Torquay"]
[Date "1998.08.04"]
[Round "8.12"]
[White "Lane, Gary William"]
[Black "Cobb, James E"]
[Result "1/2-1/2"]
[WhiteElo "2405"]
[BlackElo "2305"]
[PlyCount "150"]
[EventDate "1998.07.27"]
[EventType "swiss"]
[EventRounds "11"]
[EventCountry "GBR"]
[SourceTitle "BritBase"]
[Source "britbase.info"]
[SourceDate "2021.07.30"]
[SourceVersion "1"]
[SourceVersionDate "2021.07.30"]
[SourceQuality "1"]

1. e4 Nc6 2. Nf3 e6 3. d4 d5 4. Nbd2 Nf6 5. e5 Nd7 6. Nb3 a5 7. a4 Be7 8. Bb5
Ncb8 9. O-O b6 10. c3 Ba6 11. Ne1 c6 12. Bxa6 Nxa6 13. Qg4 g6 14. Bh6 Bf8 15.
Qf4 Bxh6 16. Qxh6 Qe7 17. Nf3 c5 18. dxc5 Naxc5 19. Nbd4 Qf8 20. Qe3 Qg7 21.
Rfe1 O-O 22. Nd2 Rae8 23. b4 Nb7 24. f4 Rc8 25. g4 Nd8 26. f5 gxf5 27. Kh1 fxg4
28. Re2 f5 29. exf6 Rxf6 30. Rg1 e5 31. N4b3 Rg6 32. Qd3 Qf7 33. bxa5 bxa5 34.
Nxa5 e4 35. Qd4 Nf6 36. c4 Qc7 37. Nab3 Ne6 38. Qc3 dxc4 39. Nd4 Qe5 40. Nb5
Qxc3 41. Nxc3 Nd4 42. Re3 Nf5 43. Re2 e3 44. Nf1 Re8 45. a5 Rg7 46. a6 Rge7 47.
Nb5 Ra8 48. Na3 c3 49. Nc4 Rxa6 50. Nfxe3 h5 51. h3 Nxe3 52. Rxe3 Rxe3 53. Nxe3
Re6 54. Nf5 Kh7 55. hxg4 hxg4 56. Rc1 Nd5 57. Rd1 c2 58. Rc1 Rc6 59. Kg2 Nb4
60. Rh1+ Kg6 61. Ne7+ Kg5 62. Nxc6 Nxc6 63. Ra1 Nb4 64. Kg3 Na2 65. Rxa2 c1=Q
66. Ra5+ Kf6 67. Ra6+ Ke5 68. Ra5+ Kd6 69. Ra6+ Kc5 70. Rg6 Qg1+ 71. Kh4 g3 72.
Rxg3 Qf2 73. Kh3 Kd5 74. Rg5+ Ke4 75. Rg4+ Kf5 1/2-1/2

[Event "GBR-ch85"]
[Site "Torquay"]
[Date "1998.08.04"]
[Round "8.14"]
[White "Dyce, Andrew"]
[Black "Houska, Miroslav"]
[Result "0-1"]
[WhiteElo "2295"]
[BlackElo "2375"]
[PlyCount "114"]
[EventDate "1998.07.27"]
[EventType "swiss"]
[EventRounds "11"]
[EventCountry "GBR"]
[SourceTitle "BritBase"]
[Source "britbase.info"]
[SourceDate "2021.07.30"]
[SourceVersion "1"]
[SourceVersionDate "2021.07.30"]
[SourceQuality "1"]

1. d4 d5 2. Bg5 c5 3. c3 f6 4. Bh4 Nh6 5. dxc5 Nc6 6. e4 dxe4 7. Qxd8+ Kxd8 8.
Nd2 Nf5 9. Bg3 Nxg3 10. hxg3 f5 11. O-O-O Kc7 12. f3 e6 13. fxe4 Bxc5 14. Ngf3
h6 15. Bd3 Bd7 16. exf5 exf5 17. Nh4 Ne5 18. Bxf5 Bxf5 19. Nxf5 Nd3+ 20. Kc2
Nf2 21. Nxg7 Nxd1 22. Rxd1 Rac8 23. Ne4 Kb8 24. Rd5 Bf8 25. Nf5 Rh7 26. Nf6 Rf7
27. Nd7+ Kc7 28. Nxf8 Rcxf8 29. g4 h5 30. Nd4 Rf2+ 31. Kb3 hxg4 32. Ne6+ Kc6
33. Rg5 R8f6 34. Nd4+ Kd7 35. Rxg4 Rb6+ 36. Kc4 Rbxb2 37. Rg7+ Ke8 38. g4 Rf7
39. Rg8+ Rf8 40. Rg7 Rf7 41. Rg8+ Kd7 42. g5 Rf4 43. Rg7+ Kd6 44. a4 Rg4 45. g6
Ke5 46. Re7+ Kf6 47. Re6+ Kg7 48. Kd5 Rg5+ 49. Kd6 Rxg6 50. Rxg6+ Kxg6 51. Nb5
a6 52. c4 axb5 53. axb5 Kf6 54. Kc7 Ke5 55. Kxb7 Kd6 56. Ka6 Kc5 57. Ka7 Rb4
0-1

[Event "GBR-ch85"]
[Site "Torquay"]
[Date "1998.08.04"]
[Round "8.15"]
[White "Buckley, Simon"]
[Black "Kelly, Brian"]
[Result "0-1"]
[WhiteElo "2120"]
[BlackElo "2405"]
[PlyCount "68"]
[EventDate "1998.07.27"]
[EventType "swiss"]
[EventRounds "11"]
[EventCountry "GBR"]
[SourceTitle "BritBase"]
[Source "britbase.info"]
[SourceDate "2021.07.30"]
[SourceVersion "1"]
[SourceVersionDate "2021.07.30"]
[SourceQuality "1"]

1. c4 e6 2. g3 d5 3. Bg2 Nf6 4. Nf3 Be7 5. O-O O-O 6. b3 c6 7. Bb2 Nbd7 8. Qc2
Re8 9. d4 b6 10. Ne5 Bb7 11. Nd2 Rc8 12. Rac1 c5 13. e3 Qc7 14. Qb1 dxc4 15.
Bxb7 Qxb7 16. Ndxc4 b5 17. Nd2 Red8 18. Rfd1 cxd4 19. Nxd7 Qxd7 20. Rxc8 Rxc8
21. Nf3 Qb7 22. Nxd4 Ne4 23. Rc1 Rxc1+ 24. Qxc1 Bf6 25. Qd1 Ng5 26. Qh5 h6 27.
f4 Qe4 28. Kf2 Qb1 29. Qe2 Ne4+ 30. Kf3 Qh1+ 31. Kg4 h5+ 32. Kh3 g5 33. fxg5
Nxg5+ 34. Kh4 Qe4+ 0-1

[Event "GBR-ch85"]
[Site "Torquay"]
[Date "1998.08.04"]
[Round "8.17"]
[White "Lalic, Susan"]
[Black "Eames, Robert"]
[Result "1/2-1/2"]
[WhiteElo "2350"]
[BlackElo "2232"]
[PlyCount "65"]
[EventDate "1998.07.27"]
[EventType "swiss"]
[EventRounds "11"]
[EventCountry "GBR"]
[SourceTitle "BritBase Aug 2004"]

1. e4 e5 2. Nf3 Nc6 3. d4 exd4 4. Nxd4 Bc5 5. Nb3 Bb6 6. Nc3 Qf6 7. Qe2 Nge7 8.
Nd5 Nxd5 9. exd5+ Ne7 10. h4 h6 11. g4 d6 12. g5 hxg5 13. Bxg5 Qe5 14. Qxe5
dxe5 15. c4 f6 16. Bd2 a5 17. a4 Bf5 18. c5 Bc2 19. Ra3 Bxb3 20. Rxb3 Bxc5 21.
Rxb7 Kd7 22. Rb5 Bb6 23. Bg2 Ra7 24. h5 Kd6 25. b4 Nf5 26. bxa5 Bc5 27. Rh3 Nd4
28. Rb2 f5 29. Rg3 e4 30. Rxg7 Rxh5 31. Bf4+ Kxd5 32. Rxc7 Rxa5 33. Ra2 1/2-1/2

[Event "GBR-ch85"]
[Site "Torquay"]
[Date "1998.08.04"]
[Round "8.19"]
[White "Jackson, Adrian"]
[Black "Pert, Richard G"]
[Result "0-1"]
[WhiteElo "2225"]
[BlackElo "2240"]
[PlyCount "80"]
[EventDate "1998.07.27"]
[EventType "swiss"]
[EventRounds "11"]
[EventCountry "GBR"]
[SourceTitle "BritBase"]
[Source "britbase.info"]
[SourceDate "2021.07.30"]
[SourceVersion "1"]
[SourceVersionDate "2021.07.30"]
[SourceQuality "1"]

1. e4 c5 2. Nf3 d6 3. d4 cxd4 4. Nxd4 Nf6 5. Nc3 g6 6. Be3 Bg7 7. f3 O-O 8. Qd2
Nc6 9. Bc4 Bd7 10. h4 h5 11. O-O-O Rc8 12. Bb3 Ne5 13. Bg5 Rc5 14. g4 hxg4 15.
f4 Nc4 16. Bxc4 Rxc4 17. e5 Nh5 18. Qd3 Rc8 19. Nd5 f6 20. exf6 exf6 21. Bh6
Rc5 22. Bxg7 Kxg7 23. Qb3 Qc8 24. Rhe1 Rf7 25. Ne7 Qc7 26. f5 gxf5 27. Qd3 Nf4
28. Qf1 Re5 29. Nexf5+ Rxf5 30. Nxf5+ Bxf5 31. c3 d5 32. Rd4 Be4 33. Rdxe4 dxe4
34. Rxe4 Nd5 35. Rxg4+ Kf8 36. Qg2 Qe5 37. Re4 Qf5 38. Qe2 Re7 39. Rxe7 Nxe7
40. h5 Kf7 0-1

[Event "GBR-ch85"]
[Site "Torquay"]
[Date "1998.08.04"]
[Round "8.21"]
[White "Jackson, Oliver"]
[Black "Houska, Jovanka"]
[Result "0-1"]
[WhiteElo "2255"]
[BlackElo "2190"]
[PlyCount "84"]
[EventDate "1998.07.27"]
[EventType "swiss"]
[EventRounds "11"]
[EventCountry "GBR"]
[SourceTitle "BritBase"]
[Source "britbase.info"]
[SourceDate "2021.07.30"]
[SourceVersion "1"]
[SourceVersionDate "2021.07.30"]
[SourceQuality "1"]

1. e4 d5 2. exd5 Nf6 3. Bb5+ Bd7 4. Bc4 Bg4 5. f3 Bf5 6. Nc3 Nbd7 7. Nge2 Nb6
8. Bb3 Nfxd5 9. Nxd5 Nxd5 10. d4 e6 11. O-O Be7 12. c4 Nb6 13. Be3 O-O 14. Qd2
c5 15. Rfd1 Qc7 16. Bf4 Qc8 17. d5 Rd8 18. Qe3 exd5 19. Qxe7 Re8 20. Qg5 h6 21.
Qg3 Rxe2 22. Re1 Rxe1+ 23. Rxe1 dxc4 24. Bxh6 Qf8 25. Bd1 Bg6 26. h4 gxh6 27.
h5 Re8 28. hxg6 Rxe1+ 29. Qxe1 fxg6 30. Qe6+ Qf7 31. Qe3 Qd7 32. Bc2 Qd4 33.
Qxd4 cxd4 34. Bxg6 Kg7 35. Be4 Na4 36. b3 cxb3 37. axb3 Nc5 38. Bd5 Kf6 39. f4
Kf5 40. g3 Ne4 41. Kg2 d3 42. Kf3 Nc3 0-1

[Event "GBR-ch85"]
[Site "Torquay"]
[Date "1998.08.04"]
[Round "8.23"]
[White "Coleman, David"]
[Black "McDonnell, James"]
[Result "0-1"]
[WhiteElo "2245"]
[BlackElo "2020"]
[PlyCount "56"]
[EventDate "1998.07.27"]
[EventType "swiss"]
[EventRounds "11"]
[EventCountry "GBR"]
[SourceTitle "BritBase"]
[Source "britbase.info"]
[SourceDate "2021.07.30"]
[SourceVersion "1"]
[SourceVersionDate "2021.07.30"]
[SourceQuality "1"]

1. e4 c5 2. Nf3 Nc6 3. d4 cxd4 4. Nxd4 Nf6 5. Nc3 d6 6. Bc4 e6 7. Be3 Be7 8.
Qe2 Qc7 9. O-O-O a6 10. Bb3 O-O 11. Rhg1 Na5 12. g4 Nxb3+ 13. axb3 b5 14. g5
Nd7 15. f4 b4 16. Nf5 Bd8 17. Qh5 bxc3 18. Bd4 cxb2+ 19. Bxb2 exf5 20. Rg3 Re8
21. exf5 Nf8 22. f6 Bf5 23. Rc3 Qd7 24. fxg7 Ng6 25. Qh6 Rc8 26. Rcd3 Nxf4 27.
g6 Nxd3+ 28. Rxd3 Bxg6 0-1

[Event "GBR-ch85"]
[Site "Torquay"]
[Date "1998.08.04"]
[Round "8.26"]
[White "Stephenson, F Norman"]
[Black "Ledger, David"]
[Result "1-0"]
[WhiteElo "2215"]
[BlackElo "2220"]
[PlyCount "81"]
[EventDate "1998.07.27"]
[EventType "swiss"]
[EventRounds "11"]
[EventCountry "GBR"]
[SourceTitle "BritBase"]
[Source "britbase.info"]
[SourceDate "2021.07.30"]
[SourceVersion "1"]
[SourceVersionDate "2021.07.30"]
[SourceQuality "1"]

1. e4 e5 2. Nf3 Nc6 3. Bc4 Bc5 4. O-O Nf6 5. d4 Bxd4 6. Nxd4 Nxd4 7. f4 d6 8.
c3 Ne6 9. f5 Nc5 10. Nd2 c6 11. Qe2 Qe7 12. b4 Na4 13. Qf3 Bd7 14. Bb3 Nb6 15.
a4 d5 16. a5 Nc8 17. g4 Nd6 18. exd5 cxd5 19. g5 Nfe4 20. f6 gxf6 21. Nxe4 dxe4
22. Qxf6 Rg8 23. Be3 Rc8 24. Bc5 Rxg5+ 25. Kh1 Qxf6 26. Rxf6 Rxc5 27. bxc5 Nf5
28. Rg1 Rxg1+ 29. Kxg1 Nh4 30. Bd5 e3 31. Rh6 Ng6 32. Rxh7 Nf4 33. Bxf7+ Kd8
34. Bc4 Nh3+ 35. Kf1 Ng5 36. Rg7 Nf3 37. Ke2 Nxh2 38. Kxe3 Ng4+ 39. Kd3 Nf6 40.
Rf7 Ng4 41. Bd5 1-0

[Event "GBR-ch85"]
[Site "Torquay"]
[Date "1998.08.04"]
[Round "8.27"]
[White "Forbes, Cathy"]
[Black "Smith, Andrew Philip"]
[Result "0-1"]
[WhiteElo "2110"]
[BlackElo "2290"]
[PlyCount "82"]
[EventDate "1998.07.27"]
[EventType "swiss"]
[EventRounds "11"]
[EventCountry "GBR"]
[SourceTitle "BritBase"]
[Source "britbase.info"]
[SourceDate "2021.07.30"]
[SourceVersion "1"]
[SourceVersionDate "2021.07.30"]
[SourceQuality "1"]

1. d4 d6 2. Nf3 Nd7 3. e4 e5 4. dxe5 dxe5 5. Bc4 Qf6 6. O-O h6 7. b3 Bc5 8. Bb2
Ne7 9. a3 O-O 10. b4 Bb6 11. Nbd2 Ng6 12. Bb3 Rd8 13. Nc4 Nc5 14. Qxd8+ Qxd8
15. bxc5 Bxc5 16. Nfxe5 Be6 17. Nxg6 fxg6 18. Rad1 Qe8 19. Rd3 Rd8 20. Rfd1
Rxd3 21. cxd3 b5 22. Nd2 Bxb3 23. Nxb3 Bxf2+ 24. Kxf2 Qf7+ 25. Ke3 Qxb3 26. Rd2
c5 27. e5 c4 28. Kd4 Kf7 29. Bc3 Ke6 30. Rb2 Qd1 31. Rd2 Qg1+ 32. Ke4 Qe1+ 33.
Kf3 Qc1 34. Bb4 c3 35. Re2 c2 36. Bd2 Qxd2 37. Rxd2 c1=Q 38. Re2 Qxa3 39. Ke4
Qc5 40. d4 Qc4 41. Rf2 b4 0-1

[Event "GBR-ch85"]
[Site "Torquay"]
[Date "1998.08.04"]
[Round "8.28"]
[White "Richards, Heather"]
[Black "Jackson, Sheila"]
[Result "0-1"]
[WhiteElo "2130"]
[BlackElo "2165"]
[PlyCount "62"]
[EventDate "1998.07.27"]
[EventType "swiss"]
[EventRounds "11"]
[EventCountry "GBR"]
[SourceTitle "BritBase"]
[Source "britbase.info"]
[SourceDate "2021.07.30"]
[SourceVersion "1"]
[SourceVersionDate "2021.07.30"]
[SourceQuality "1"]

1. e4 e5 2. Nf3 Nc6 3. d4 exd4 4. Nxd4 Nf6 5. Nxc6 bxc6 6. Bd3 d5 7. Nd2 Bd6 8.
O-O O-O 9. f4 Bc5+ 10. Kh1 Bg4 11. Qe1 dxe4 12. Nxe4 Re8 13. Nxf6+ Qxf6 14. Qg3
Be2 15. Bxe2 Rxe2 16. Qd3 Rae8 17. Rb1 Qd6 18. Qf5 g6 19. Qg4 Re1 20. Qf3 Rxf1+
21. Qxf1 Bf2 22. Be3 Bxe3 23. Re1 Re6 24. f5 gxf5 25. Qxf5 Qd5 26. Qg4+ Rg6 27.
Qc8+ Kg7 28. Qh3 Bc5 29. Rf1 Bd6 30. Qf3 Qxf3 31. Rxf3 Rf6 0-1

[Event "GBR-ch85"]
[Site "Torquay"]
[Date "1998.08.04"]
[Round "8.29"]
[White "Morrison, Chris"]
[Black "Beaumont, Chris"]
[Result "1/2-1/2"]
[WhiteElo "2200"]
[BlackElo "2330"]
[PlyCount "109"]
[EventDate "1998.07.27"]
[EventType "swiss"]
[EventRounds "11"]
[EventCountry "GBR"]
[SourceTitle "BritBase Aug 2004"]

1. e4 c5 2. Nc3 Nc6 3. g3 g6 4. Bg2 Bg7 5. d3 d6 6. Be3 e6 7. Qd2 b6 8. Nge2
Nd4 9. Bxd4 cxd4 10. Nb5 e5 11. Qb4 Qe7 12. Qxd6 Qxd6 13. Nxd6+ Ke7 14. Nxc8+
Rxc8 15. O-O-O Nf6 16. Bh3 Rc7 17. f4 Nd7 18. Bxd7 Kxd7 19. Kd2 Rhc8 20. Rc1
Bh6 21. h4 f6 22. c3 dxc3+ 23. bxc3 f5 24. Ke3 fxe4 25. Kxe4 exf4 26. gxf4 Kd6
27. Kf3 Rf8 28. Kg4 Re7 29. Rc2 Re3 30. h5 Bg7 31. hxg6 hxg6 32. Rh3 Rxh3 33.
Kxh3 Re8 34. Kg4 Bf6 35. Ng3 Rh8 36. Ne4+ Ke6 37. Nxf6 Kxf6 38. d4 Rh1 39. Rd2
Rg1+ 40. Kf3 Rc1 41. Rd3 Ke6 42. Ke4 b5 43. Rg3 Re1+ 44. Kd3 Kf6 45. Rg5 Ra1
46. Rxb5 Rxa2 47. d5 Rf2 48. Rb4 Rf3+ 49. Kc2 Ke7 50. Rd4 Kd6 51. c4 a5 52. Kd2
a4 53. Kc2 a3 54. Kb1 Rf2 55. Rd3 1/2-1/2

[Event "GBR-ch85"]
[Site "Torquay"]
[Date "1998.08.04"]
[Round "8.30"]
[White "Lewis, Andrew P"]
[Black "Holmes, Michael"]
[Result "1-0"]
[WhiteElo "2275"]
[BlackElo "1999"]
[PlyCount "56"]
[EventDate "1998.07.27"]
[EventType "swiss"]
[EventRounds "11"]
[EventCountry "GBR"]
[SourceTitle "BritBase"]
[Source "britbase.info"]
[SourceDate "2021.07.30"]
[SourceVersion "1"]
[SourceVersionDate "2021.07.30"]
[SourceQuality "1"]

1. c4 e6 2. Nc3 d5 3. d4 Nf6 4. Nf3 c5 5. cxd5 Nxd5 6. e4 Nxc3 7. bxc3 cxd4 8.
cxd4 Nc6 9. Bc4 b5 10. Be2 Bb4+ 11. Bd2 Qa5 12. Bxb4 Qxb4+ 13. Kf1 a6 14. a4
bxa4 15. Rxa4 Qd6 16. h4 O-O 17. h5 Bb7 18. h6 g6 19. Qa1 Nd8 20. d5 f6 21. e5
fxe5 22. Nxe5 exd5 23. Nxg6 Qf6 24. Nxf8 Qxa1+ 25. Rxa1 Kh8 26. Rh4 Nf7 27. Bd3
Kg8 28. Rd4 Kxf8 1-0

[Event "GBR-ch85"]
[Site "Torquay"]
[Date "1998.08.05"]
[Round "9.4"]
[White "Rowson, Jonathan"]
[Black "Thipsay, Praveen"]
[Result "0-1"]
[WhiteElo "2495"]
[BlackElo "2450"]
[PlyCount "84"]
[EventDate "1998.07.27"]
[EventType "swiss"]
[EventRounds "11"]
[EventCountry "GBR"]
[SourceTitle "BritBase"]
[Source "britbase.info"]
[SourceDate "2021.07.30"]
[SourceVersion "1"]
[SourceVersionDate "2021.07.30"]
[SourceQuality "1"]

1. d4 Nf6 2. c4 g6 3. Nc3 Bg7 4. e4 d6 5. f3 O-O 6. Nge2 e5 7. Be3 c6 8. Qd2
Nbd7 9. O-O-O a6 10. g4 Qa5 11. Kb1 b5 12. Ng3 exd4 13. Bxd4 Ne5 14. Qf2 Nfd7
15. f4 b4 16. Nce2 Nxg4 17. Qf3 Ngf6 18. Bh3 Qc7 19. Rhg1 c5 20. Bxd7 cxd4 21.
Bxc8 Raxc8 22. b3 Rfe8 23. Nxd4 Qc5 24. Qd3 Kh8 25. Rg2 Rc7 26. Re2 Rce7 27.
Nf3 Nh5 28. Qxd6 Qxd6 29. Rxd6 Nxf4 30. Re1 Bc3 31. Red1 Ra7 32. Nd4 h5 33. Rf1
Nh3 34. Nf3 Be5 35. Rb6 a5 36. Nxh5 Bc7 37. Rc6 gxh5 38. Nd4 Bf4 39. Nf5 Rxe4
40. Rd1 Re5 41. Nd4 Rd7 42. Rc8+ Kh7 0-1